[Event "Capablanca Memorial U15 2nd"]
[Site "Havana"]
[Date "2018.05.19"]
[Round "7"]
[White "Rivero Gonzalez, Julio Cesar"]
[Black "Mendez Machado, Andre"]
[Result "1-0"]
[WhiteElo "1793"]
[BlackElo "1475"]
[PlyCount "115"]
[EventDate "2018.05.14"]
[EventType "swiss"]
[EventRounds "7"]
[EventCountry "CUB"]
[SourceTitle "EXT 2021"]
[Source "ChessBase"]
[SourceDate "2020.10.23"]
[SourceVersion "1"]
[SourceVersionDate "2020.10.23"]
[SourceQuality "1"]

1. e4 e5 2. Nf3 Nc6 3. Nc3 Nf6 4. Bb5 Bc5 5. 0-0 d6 6. h3 0-0 7. d3 a6 8. Ba4 b5 9. Bb3 Na5 10. Bg5 Nxb3 11. axb3 c6 12. d4 exd4 13. Nxd4 Bxd4 14. Qxd4 c5 15. Qd2 Be6 16. Rfd1 b4 17. Ne2 Nxe4 18. Bxd8 Nxd2 19. Rxd2 Rfxd8 20. Rad1 d5 21. Nf4 d4 22. Nxe6 fxe6 23. Re2 Re8 24. Re5 Rac8 25. Ra1 Rc6 26. Ra5 Rec8 27. Kf1 Kf7 28. Ke2 Ke7 29. Kd3 Kd6 30. f4 Rf8 31. Re4 g6 32. g3 Re8 33. Re5 Rf8 34. Kc4 Rfc8 35. h4 h6 36. Ra1 Rf8 37. Rae1 Rf6 38. R1e4 Rc7 39. g4 Rcf7 40. g5 hxg5 41. fxg5 Rf2 42. Rxe6+ Kd7 43. Rxa6 Rxc2+ 44. Kd3 Rff2 45. Re5 Rfd2+ 46. Ke4 Rh2 47. Kd5 Rhe2 48. Ra7+ Kc8 49. Rxe2 Rxe2 50. Kxc5 d3 51. Ra1 Rxb2 52. Kxb4 Rh2 53. Kc3 d2 54. Rd1 Rh3+ 55. Kc2 Rxh4 56. Rxd2 Rg4 57. Rd5 Rg2+ 58. Kc3 1-0